00542nam a2200205Ia 4500003000900000008004100009040001300050040001300063041000800076100001800084100001000102245012700112250000900239260002100248260000900269300001100278300001000289490002900299490000800328IT-RoPAU120407s9999 xx 000 0 und d aIT-RoPAU cIT-RoPAU aita aMagnus Lohrer ccoll. aIniziazione alla Messa. Esposizione storica, aspetti teologici, ascetici e catechistici del nuovo ordo della Messa. AA.VV. aRoma aEdizioni Paoline c1970 a105 p. c18 cm aPunti scottanti di teol. v151